Catálogo
 En Linea
Vista normal Vista MARC

Entrada Nombre personal

Número de registros utilizados en: 1

001 - NÚMERO DE CONTROL

  • campo de control: 84081

003 - IDENTIFICADOR DEL NÚMERO DE CONTROL

  • campo de control: DO-SdBNP

005 - FECHA Y HORA DE LA ÚLTIMA TRANSACCIÓN

  • campo de control: 20230908112530.0

008 - DATOS DE LONGITUD FIJA

  • campo de control de longitud fija: 230908|| aca||aabn | a|a d

040 ## - FUENTE DE LA CATALOGACIÓN

  • Centro catalogador/agencia de origen: DO-SdBNP
  • Centro/agencia transcriptor: DO-SdBNP

100 ## - ENCABEZAMIENTO-NOMBRE DE PERSONA

  • Nombre de persona: Pérez, Odalís G.,
  • Fechas asociadas al nombre: 1952-
  • Título de la obra: Antes del Apocalipsis.
  • Subdivisión general: Teatro

670 ## - FUENTE DE DATOS ENCONTRADOS

  • Cita de la fuente: Work cat.: (DO-SdBNP)14559: Pérez, Odalís G. 1952- 23828, Papeles prohibidos ; Antes del apocalipsis. /

Con tecnología Koha